International journal of theoretical physics, group theory, and nonlinear optics

Detalles Bibliográficos
Título anterior:Nova journal of theoretical physics
Formato: Electrónico Revista
Lenguaje:inglés
Publicado: Commack, N.Y. : Nova Science Publishers, c1997-
Materias:
Acceso en línea:Full text available from Research Library: 01/01/2011 to 10/31/2015

MARC

LEADER 00000nas a2200000 a 4500
001 ssj0001454278
003 WaSeSS
005 20200512172242.0
006 m d
007 cr n
008 981208c19989999nyuqr p s 0 a0eng c
010 |a sn 98023130  
022 |l 1525-4674  |y 1525-4674 
030 |a IJTPCN 
035 |a (WaSeSS)ssj0001454278 
037 |b Nova Science Publishers, Inc., 6080 Jericho Turnpike, Suite 207, Commack, NY 11725-3401 
040 |a EYM  |b eng  |c EYM  |d DLC  |d NSD  |d DLC  |d CAS  |d OCLCQ  |d OCLCF  |d OCLCO  |d AU@  |d OCLCO  |d WaSeSS 
042 |a pcc  |a nsdp 
050 0 0 |a QC19.2  |b .N68 
082 0 0 |a 530/.15/05  |2 21 
210 0 |a Int. j. theor. phys. group theory nonlinear opt. 
222 0 |a International journal of theoretical physics, group theory, and nonlinear optics 
245 0 0 |a International journal of theoretical physics, group theory, and nonlinear optics  |h [electronic resource]. 
260 |a Commack, N.Y. :  |b Nova Science Publishers,  |c c1997- 
310 |a Quarterly 
362 0 |a Vol. 6, no. 1 (1998)- 
500 |a Title from cover. 
506 |a License restrictions may limit access. 
650 0 |a Mathematical physics  |v Periodicals. 
650 0 |a Group theory  |v Periodicals. 
650 0 |a Nonlinear optics  |v Periodicals. 
650 7 |a Group theory.  |2 fast  |0 (OCoLC)fst00948521 
650 7 |a Mathematical physics.  |2 fast  |0 (OCoLC)fst01012104 
650 7 |a Nonlinear optics.  |2 fast  |0 (OCoLC)fst01038797 
655 0 |a Electronic journals. 
780 0 0 |t Nova journal of theoretical physics  |x 1093-2755  |w (DLC) 97658027  |w (OCoLC)36411422 
850 |a DLC  |a MiU 
856 4 0 |z Full text available from Research Library: 01/01/2011 to 10/31/2015  |u https://search.proquest.com/publication/2034857